| 000 | 00812ntm a2200157 i 4500 | ||
|---|---|---|---|
| 001 | 71233 | ||
| 003 | ES-MaACL | ||
| 005 | 20230906171055.0 | ||
| 007 | t| | ||
| 008 | 190513s1795 sp ||||1| spa d | ||
| 245 | 0 | 0 |
_aRelación de los lugares de la parte del mediodía del río Ter, más proporcionados para la colocación de 400 caballos y de 30 a 40 hombres de infantería con expresión de la capacidad de cada uno, sus distancias a el río y entre sí [ _hManuscrito] / _cFernando de [Gavez?]. |
| 260 |
_aGerona, _c1795. |
||
| 300 |
_a[2] h. ; _c21 cm. |
||
| 651 | 4 |
_aGerona (Provincia)- _xItinerarios. _9167013 |
|
| 852 | 4 |
_aES-MaACL _jB-8924(11) _z- Legado de Federico de Botella y de Hornos _z- Enc. en un vol. facticio agrupado con el nombre en el lomo: España, geología, memorias y documentos varios 1 a 8 |
|
| 999 |
_c71233 _d71233 |
||